Central Library OPAC University of Rajshahi

A letter from Edmund Burke / (Record no. 65451)

MARC details
000 -LEADER
fixed length control field 00715nam a2200229 a 4500
001 - CONTROL NUMBER
control field 65451
003 - CONTROL NUMBER IDENTIFIER
rucl marc code BD-RjUL
005 - DATE AND TIME OF LATEST TRANSACTION
control field 20211209081428.0
008 - FIXED-LENGTH DATA ELEMENTS--GENERAL INFORMATION
fixed length control field 170306s1777 ie 000 0 eng
035 ## - SYSTEM CONTROL NUMBER
System control number (BD-RjUL)65581
040 ## - CATALOGING SOURCE
Original cataloging agency DLC
Transcribing agency NRU
Modifying agency BD-RjUL
Language of cataloging eng
041 ## - LANGUAGE CODE
Language code of text/sound track or separate title eng
082 ## - DEWEY DECIMAL CLASSIFICATION NUMBER
Edition number 23
Classification number 320.73
Author mark and year BUL 1777
100 1# - MAIN ENTRY--PERSONAL NAME
Personal name Burke, Edmund,
Dates associated with a name 1729-1797.
9 (RLIN) 193701
245 02 - TITLE STATEMENT
Title A letter from Edmund Burke /
Statement of responsibility, etc. Edmund Burke
260 ## - PUBLICATION, DISTRIBUTION, ETC. (IMPRINT)
Place of publication, distribution, etc. London :
Name of publisher, distributor, etc. Printed for the author,
Date of publication, distribution, etc. 1777.
300 ## - PHYSICAL DESCRIPTION
Pagination 69 p. ;
Size 21 cm.
651 #0 - SUBJECT ADDED ENTRY--GEOGRAPHIC NAME
Geographic name United States
General subdivision Politics and government
Chronological subdivision 1775-1783.
9 (RLIN) 191856
Geographic name Great Britain
General subdivision Politics and government
Chronological subdivision 1760-1789
General subdivision Pamphlets.
9 (RLIN) 193702
942 ## - ADDED ENTRY ELEMENTS (KOHA)
Source of classification or shelving scheme Dewey Decimal Classification
Koha item type Books
Holdings
Lost status Source of classification or shelving scheme Damaged status Not for loan Collection code Permanent Location Current Location Shelving location Date acquired Source of acquisition Cost, normal purchase price Total Checkouts Full call number Date last seen Copy number Koha item type
  Dewey Decimal Classification   Not For Loan Non-fiction Central Library, University of Rajshahi Central Library, University of Rajshahi Reading Room 05/11/1962 Black well 10.15   320.73 BUL 1777 06/03/2017 C-1 Books